Jiří Novák : galerie Václava Špály, Praha 1964 /

Main Author: Novák, Jiří, 1922-2010
Other Authors: Karoušek, Valerian, 1929-1970
Language: Czech
Published: Praha : Český fond výtvarného umění, 1964
Physical Description: 1 sv. (nestr.)
Book
Saved in:
LEADER 01304nam a22003612a 4500
001 001643307
003 CZ BrMZK
005 20180913072108.0
007 ta
008 180822s1964 xr erc||||||||||cze d
040 |a BOA001  |b cze  |e aacr2 
043 |a e-xr--- 
045 |a x-x- 
072 7 |a 73  |x Sochařství, keramika, porcelán, umělecké zpracování kovů  |2 Konspekt  |9 21 
080 |a 730(437.3)  |2 MRF 
080 |a 730.036/.038  |2 MRF 
080 |a (437.3)  |2 MRF 
080 |a (083.824)  |2 MRF 
100 1 |a Novák, Jiří,  |d 1922-2010  |7 xx0026527  |4 art 
245 1 0 |a Jiří Novák :  |b galerie Václava Špály, Praha 1964 /  |c text Valerián Karoušek 
260 |a Praha :  |b Český fond výtvarného umění,  |c 1964 
300 |a 1 sv. (nestr.) 
500 |a Katalog výstavy 
600 1 7 |a Novák, Jiří,  |d 1922-2010  |7 xx0026527  |2 czenas 
648 7 |a 20. století  |7 ch460558  |2 czenas 
650 0 7 |a české sochařství  |7 ph128152  |y 20. století  |2 czenas 
650 0 7 |a moderní sochařství  |7 ph122941  |z Česko  |2 czenas 
655 7 |a katalogy výstav  |7 fd132536  |2 czenas 
700 1 |a Karoušek, Valerian,  |d 1929-1970  |7 jn20000710158  |4 wfw 
910 |a BOA001  |b X-0514.603 
990 |a BK 
991 |b 201806 
996 6 |b 2618945125  |c X-0514.603  |l MZK  |r Sklad / do 24 hodin  |n 0  |w 001679271  |u 000010  |a 1  |e BOA001  |j MZK50  |s P